Խոստովանանք : (Record no. 429137)
[ view plain ]
| 000 -LEADER | |
|---|---|
| fixed length control field | 01213nam a2200241 a 4500 |
| 003 - CONTROL NUMBER IDENTIFIER | |
| control field | AM-YeHGA |
| 040 ## - CATALOGING SOURCE | |
| Original cataloging agency | AM-YeHGA |
| 090 ## - LOCALLY ASSIGNED LC-TYPE CALL NUMBER (OCLC); LOCAL CALL NUMBER (RLIN) | |
| -- | 431677 |
| 005 - DATE AND TIME OF LATEST TRANSACTION | |
| control field | 20250618075058.0 |
| 008 - FIXED-LENGTH DATA ELEMENTS--GENERAL INFORMATION | |
| fixed length control field | 180531s2017 ai |||||r|||| 00||uaarm|| |
| 020 ## - INTERNATIONAL STANDARD BOOK NUMBER | |
| International Standard Book Number | 9789939871516 |
| 041 0# - LANGUAGE CODE | |
| Language code of text/sound track or separate title | arm |
| 100 1# - MAIN ENTRY--PERSONAL NAME | |
| Personal name | Տոլստոյ, Լև Նիկոլաևիչ, |
| Dates associated with a name | 1828-1910 |
| 9 (RLIN) | 6686 |
| 245 10 - TITLE STATEMENT | |
| Title | Խոստովանանք : |
| Remainder of title | Օրագրեր(1895-1905 թթ.), «Գաղտնի» օրագիր 1908-1910 թթ., «Օրագիր միայն ինձ համար» / |
| Statement of responsibility, etc. | Լ. Տոլստոյ ; Թարգմանիչ՝ Ա. Հովհաննիսյան ; Հրատարակիչ՝ Հ.Կ. Մելիք-Վրթանեսյան ; Խմբագիր՝ Լ.Գ. Մանուկյան. |
| 260 ## - PUBLICATION, DISTRIBUTION, ETC. | |
| Place of publication, distribution, etc. | Երևան : |
| Name of publisher, distributor, etc. | Լուսակն, |
| Date of publication, distribution, etc. | 2017. |
| 300 ## - PHYSICAL DESCRIPTION | |
| Extent | 664 էջ ; |
| Dimensions | 20 սմ. |
| 504 ## - BIBLIOGRAPHY, ETC. NOTE | |
| Bibliography, etc. note | Տողատակում՝ ծանոթագրություններ |
| 650 14 - SUBJECT ADDED ENTRY--TOPICAL TERM | |
| Topical term or geographic name entry element | Ռուս գրականություն |
| Form subdivision | Հուշագրություն |
| 700 1# - ADDED ENTRY--PERSONAL NAME | |
| Personal name | Հովհաննիսյան, Արմեն Արշավիրի, |
| Relator term | թարգմանիչ |
| Relationship | trl |
| Dates associated with a name | 1936- |
| 9 (RLIN) | 1856 |
| 700 1# - ADDED ENTRY--PERSONAL NAME | |
| Personal name | Մելիք-Վրթանեսյան, Հ.Կ. |
| Relator term | հրատարակիչ |
| Relationship | pbl |
| 700 1# - ADDED ENTRY--PERSONAL NAME | |
| Personal name | Մանուկյան, Լ.Գ. |
| Relator term | խմբագիր |
| Relationship | edt |
| 942 ## - ADDED ENTRY ELEMENTS (KOHA) | |
| Source of classification or shelving scheme | Universal Decimal Classification |
| Koha item type | Գրքեր / Books |
| Withdrawn status | Lost status | Source of classification or shelving scheme | Damaged status | Not for loan | Collection | Home library | Current library | Date acquired | Total checkouts | Full call number | Barcode | Date last seen | Price effective from | Koha item type | Public note |
|---|---|---|---|---|---|---|---|---|---|---|---|---|---|---|---|
| Universal Decimal Classification | General | Fundamental Scientific Library | Fundamental Scientific Library | 04/04/2019 | AII/104496 | FL0571066 | 04/04/2019 | 04/04/2019 | Գրքեր / Books | 30 Days Loan |
ՀՀ Գիտությունների ազգային ակադեմիայի հիմնարար գիտական գրադարան = Fundamental Scientific Library of NAS RA
All site content, except where otherwise noted, is licensed under a